Cromwell

Shranjeno v:
Bibliografske podrobnosti
Glavni avtor: Hugo, Victor (Author)
Format: Knjiga
Jezik:francoščina
Izdano: Buenos Aires Espasa-Calpe 1947
Izdaja:2a. ed
Serija:Colección Austral
Teme:
Oznake: Označite
Brez oznak, prvi označite!

MARC

LEADER 00000nam a2200000 a 4500
001 UCQ4928
003 CL-VaPUC
008 980910e19470000AG |||||||||||||||||fre|d
082 0 4 |a 842  |b HUG  |2 21 
100 |a Hugo, Victor  |e author  |9 317284 
245 1 0 |a Cromwell 
250 |a 2a. ed 
300 |a 214 p 
942 |c BK 
945 |d 19980910 00:00:00  |a crobeson 
260 |a Buenos Aires  |b Espasa-Calpe  |c 1947 
650 0 |a Novela francesa  |9 264985 
650 0 |a Literatura francesa  |9 266330 
583 |a last modification  |c 19980910 00:00:00  |k Rodrigo Vera 
490 0 |a Colección Austral 
999 |c 275227  |d 275225 
952 |0 0  |1 0  |4 0  |6 842_000000000000000_HUG_1947  |7 0  |8 A  |9 311811  |a BIBEDU  |b BIBEDU  |d 2019-11-20  |i 1468197  |o 842 HUG 1947  |p 1468197  |r 2019-11-20  |w 2019-11-20  |y BK  |k LIT